[Event "Kieler Open 2018-B"]
[Site "Kiel"]
[Date "2018.07.28"]
[Round "2.12"]
[White "Solodky, Willy"]
[Black "Bangert, Ruediger"]
[Result "0-1"]
[BlackElo "1555"]
[WhiteElo "1367"]
[Annotator "LB"]
[PlyCount "78"]

1. d4 Nf6 2. c4 g6 3. Nc3 Bg7 4. e3 d6 5. Bd3 Bd7 6. Nf3 O-O 7. O-O Nc6 8.
Rb1 Nb4 9. Be2 Bf5 10. a3 Bxb1 11. Nxb1 Nc6 12. Nc3 a6 13. Qc2 Rb8 14. b4
e5 15. d5 Ne7 16. e4 Rc8 17. c5 c6 18. cxd6 Qxd6 19. Qb3 cxd5 20. Nxd5 Nxe4
21. Nxe7+ Qxe7 22. Bb2 b5 23. Re1 Ng5 24. Nd2 Rc7 25. Bf3 Rfc8 26. Ne4 Nxe4
27. Bxe4 Rd8 28. Rd1 Rxd1+ 29. Qxd1 Qf6 30. h3 Qe7 31. Qd5 Rc8 32. Qb3 Rd8
33. Bc1 Qh4 34. Bd5 Qe7 35. Be4 Qe6 36. Bc2 Qxb3 37. Bxb3 Kf8 38. Kf1 Rd3
39. Ba2 Rd1+ 0-1

[Event "Kieler Open 2018-B"]
[Site "Kiel"]
[Date "2018.07.28"]
[Round "2.13"]
[White "Salwasser, Andrej"]
[Black "Schulze, Lukas"]
[Result "0-1"]
[BlackElo "1421"]
[WhiteElo "1166"]
[Annotator "LB"]
[PlyCount "74"]

1. e4 c5 2. Bc4 d6 3. d4 cxd4 4. Qxd4 Nc6 5. Qd1 Nf6 6. Nc3 Qa5 7. Bd2 Qb6
8. Nf3 g6 9. O-O Bg7 10. Rb1 O-O 11. Re1 Bg4 12. h3 Ne5 13. Nd5 Nxd5 14.
exd5 Bxf3 15. Be3 Bxd1 16. Bxb6 axb6 17. Bb3 Bh5 18. g4 Nf3+ 19. Kg2 Nxe1+
20. Rxe1 Bxg4 21. hxg4 Rfe8 22. c3 Bf6 23. f4 Ra5 24. g5 Bg7 25. Bc4 h6 26.
a4 hxg5 27. fxg5 Be5 28. Kf3 Rxa4 29. Re4 Rc8 30. b3 Ra1 31. Re3 Rc1 32.
Kg4 Rxc3 33. Re2 Rg3+ 34. Kh4 Rc3 35. Ra2 Kg7 36. Ra4 Rh8+ 37. Kg4 Rg3# 0-1

[Event "Kieler Open 2018-B"]
[Site "Kiel"]
[Date "2018.07.28"]
[Round "2.15"]
[White "Weck, Uwe"]
[Black "Stolzenwald, Frank"]
[Result "1-0"]
[BlackElo "1357"]
[WhiteElo "1551"]
[Annotator "LB"]
[PlyCount "85"]

1. e4 a6 2. c3 b5 3. d4 Bb7 4. Bd3 d6 5. Nf3 f6 6. O-O g6 7. Be3 Bh6 8. Re1
Bxe3 9. Rxe3 e5 10. Nbd2 Nd7 11. Qb3 Qe7 12. a4 c6 13. axb5 axb5 14. Rxa8+
Bxa8 15. Qa3 Bb7 16. Qa7 Nf8 17. d5 Kf7 18. dxc6 Bxc6 19. Qa2+ Qe6 20. Qa6
Qe8 21. c4 b4 22. Qb6 Ne7 23. Qxb4 Qd7 24. Qc3 Ne6 25. b4 Ra8 26. Re1 Qa7
27. Nb3 Qb7 28. Na5 Qb6 29. Nxc6 Nxc6 30. b5 Ncd4 31. Ra1 Nxf3+ 32. gxf3
Ra7 33. Rxa7+ Qxa7 34. Qb4 Nc5 35. Bf1 Qb6 36. Qa3 Ke6 37. Qa8 Qb7 38. Qe8+
Qe7 39. Bh3+ f5 40. exf5+ Kf6 41. Qc8 g5 42. b6 Qb7 43. Qf8+ 1-0

[Event "Kieler Open 2018-B"]
[Site "Kiel"]
[Date "2018.07.28"]
[Round "2.16"]
[White "Howe, Dietrich"]
[Black "Grotrian, Pauline"]
[Result "1-0"]
[BlackElo "1297"]
[WhiteElo "1451"]
[Annotator "LB"]
[PlyCount "47"]

1. f4 d5 2. Nf3 Nc6 3. e3 Nf6 4. b3 e6 5. Bb2 Bd6 6. Bb5 a6 7. Bxc6+ bxc6
8. O-O O-O 9. Ne1 Bb7 10. Qf3 Re8 11. Qh3 Qe7 12. d3 Rad8 13. Nd2 Nd7 14.
Ndf3 f6 15. Nh4 e5 16. fxe5 fxe5 {danach sind die Mitschriften widersprüchlich 
und teilweise unleserlich; Matt im 24. Zug} 1-0

[Event "Kieler Open 2018-B"]
[Site "Kiel"]
[Date "2018.07.28"]
[Round "2.17"]
[White "Farokhi, Darian"]
[Black "Hogreve, Holger"]
[Result "0-1"]
[BlackElo "1435"]
[WhiteElo "1256"]
[Annotator "LB"]
[PlyCount "86"]

1. e4 g6 2. Bc4 Bg7 3. c3 c5 4. d3 d6 5. Nf3 Nf6 6. Nbd2 O-O 7. Nf1 Qb6 8.
Ne3 e6 9. O-O Nc6 10. Bb3 Qc7 11. Bd2 b6 12. Qc1 Bb7 13. Re1 Rad8 14. Nf1
e5 15. Bh6 Na5 16. Bxg7 Kxg7 17. Bc2 d5 18. exd5 Rxd5 19. c4 Rd6 20. Rxe5
Bxf3 21. gxf3 Nc6 22. Re2 Nd4 23. Re3 Nh5 24. Ng3 Rf6 25. Kg2 Nf4+ 26. Kg1
h5 27. Bb3 h4 28. Ne4 Nfe2+ 29. Kg2 Nxc1 30. Nxf6 Kxf6 31. Rxc1 Qf4 32. Bd1
Rh8 33. Re4 h3+ 34. Kf1 Qxc1 35. Ke1 Nxf3+ 36. Ke2 Nxh2 37. Re3 Qxb2+ 38.
Ke1 Qc1 39. Rg3 Re8+ 40. Re3 Rxe3+ 41. fxe3 Qxe3+ 42. Be2 Nf3+ 43. Kf1 Qg1#
0-1

[Event "Kieler Open 2018-B"]
[Site "Kiel"]
[Date "2018.07.28"]
[Round "2.18"]
[White "Tran, Minh Dat"]
[Black "Malinowsky, Levi"]
[Result "1-0"]
[BlackElo "1228"]
[WhiteElo "1427"]
[Annotator "LB"]
[PlyCount "177"]

1. c4 c5 2. Nc3 Nf6 3. g3 g6 4. Bg2 Bg7 5. d3 Nc6 6. Nf3 O-O 7. O-O e6 8.
Be3 d6 9. Qd2 Bd7 10. Bh6 Bxh6 11. Qxh6 Ng4 12. Qg5 Qxg5 13. Nxg5 h6 14.
Nge4 f5 15. Nxd6 Rab8 16. h3 Nf6 17. Ndb5 a6 18. Na3 Rfd8 19. Nc2 b5 20. b3
b4 21. Na4 Nd4 22. Nxd4 cxd4 23. Nc5 Rb6 24. a3 a5 25. a4 Rc8 26. Nxd7 Nxd7
27. Rfe1 Ne5 28. f4 Nd7 29. e3 dxe3 30. Rxe3 Kf7 31. d4 g5 32. d5 exd5 33.
Bxd5+ Kf6 34. Rae1 Nc5 35. fxg5+ Kxg5 36. Kg2 h5 37. Rf1 Rf6 38. h4+ Kg6
39. Rff3 Rcf8 40. Re5 Ra6 41. Bf7+ Rxf7 42. Rxc5 Rff6 43. Rd5 Rf7 44. Re3
f4 45. gxf4 Rxf4 46. Kg3 Rg4+ 47. Kh3 Rf6 48. Rg3 Rxg3+ 49. Kxg3 Rf5 50.
Rb5 Kf6 51. c5 Ke6 52. Rxa5 Rd5 53. Rb5 Rd3+ 54. Kf4 Rxb3 55. Ke4 Rc3 56.
Kd4 Rh3 57. Rb6+ Kd7 58. Kd5 Rxh4 59. c6+ Kc7 60. Rb7+ Kd8 61. a5 b3 62.
Rxb3 Ra4 63. Kd6 Rd4+ 64. Kc5 Ra4 65. Kb5 Ra1 66. Rb4 Kc7 67. Rc4 h4 68.
Rxh4 Rb1+ 69. Kc5 Rc1+ 70. Kb5 Rb1+ 71. Ka6 Kxc6 72. Ka7 Kc7 73. Rc4+ Kd8
74. a6 Rh1 75. Rb4 Kc8 76. Ka8 Rh7 77. Rb8+ Kc7 78. Rb7+ Kc6 79. Rxh7 Kb6
80. Kb8 Kxa6 81. Rb7 Ka5 82. Kc7 Ka6 83. Kc6 Ka5 84. Rb8 Ka4 85. Kc5 Ka3
86. Kc4 Ka2 87. Kc3 Ka1 88. Kc2 Ka2 89. Ra8# 1-0

[Event "Kieler Open 2018-B"]
[Site "Kiel"]
[Date "2018.07.28"]
[Round "2.19"]
[White "Höfken, Fynn-Lukas"]
[Black "Brühl, Rainer"]
[Result "1-0"]
[BlackElo "1394"]
[WhiteElo "954"]
[Annotator "LB"]
[PlyCount "113"]

1. e4 e5 2. Nf3 Nf6 3. Bc4 Nc6 4. d3 d5 5. exd5 Nxd5 6. Bd2 Bb4 7. a3 Bxd2+
8. Qxd2 f6 9. Nc3 Be6 10. Nxd5 Bxd5 11. Bxd5 Qxd5 12. Qe2 Nd4 13. Nxd4 Qxd4
14. c3 Qd5 15. O-O O-O-O 16. c4 Qxd3 17. Qxd3 Rxd3 18. Rfd1 Rhd8 19. Rxd3
Rxd3 20. b4 b6 21. g3 e4 22. Ra2 f5 23. Kg2 g5 24. h3 f4 25. gxf4 gxf4 26.
a4 e3 27. fxe3 fxe3 28. Re2 Rd2 29. Kf3 Rxe2 30. Kxe2 Kd7 31. Kxe3 Ke6 32.
Ke4 c5 33. b5 h6 34. h4 h5 35. Kf4 Kf6 36. Ke4 Kg6 37. Kf4 Kf6 38. Ke4 Kg6
39. Kf4 Kh6 40. Kf5 Kg7 41. Kg5 Kh7 42. Kxh5 Kg7 43. Kg5 Kh7 44. h5 Kg7 45.
h6+ Kh7 46. Kf5 Kxh6 47. Ke6 Kg6 48. Kd7 Kf5 49. Kc7 Ke5 50. Kb7 Kd4 51.
Kxa7 Kxc4 52. Kxb6 Kb4 53. Kc6 c4 54. b6 c3 55. b7 c2 56. b8=Q+ Kxa4 57.
Qb2 1-0

[Event "Kieler Open 2018-B"]
[Site "Kiel"]
[Date "2018.07.28"]
[Round "2.20"]
[White "Bahlo, Alondra"]
[Black "Kaminski, Thorsten"]
[Result "0-1"]
[BlackElo "1387"]
[WhiteElo "784"]
[Annotator "LB"]
[PlyCount "74"]

1. e4 e6 2. d4 d6 3. Nf3 Nf6 4. Nc3 Be7 5. Bc4 b6 6. d5 e5 7. Bb5+ Bd7 8.
Bxd7+ Nbxd7 9. Bg5 Nc5 10. O-O Ncxe4 11. Nxe4 Nxe4 12. Qe2 Nxg5 13. Nxg5
Bxg5 14. Qg4 O-O 15. Rfe1 f5 16. Qh5 Qf6 17. g3 Qh6 18. Qxh6 Bxh6 19. Rad1
f4 20. gxf4 Rxf4 21. Rd3 Raf8 22. Rf1 Rf3 23. Rxf3 Rxf3 24. Kg2 Rf6 25. Re1
Bf4 26. Re4 Rh6 27. Kf3 Rxh2 28. Rc4 Kf7 29. Rxc7+ Kf6 30. Kg4 Rxf2 31. Rd7
e4 32. Rxd6+ Bxd6 33. c3 e3 34. b4 e2 35. b5 e1=Q 36. c4 Qg1+ 37. Kh4 Rh2#
0-1

[Event "Kieler Open 2018-B"]
[Site "RGG Kiel"]
[Date "2018.07.29"]
[Round "3.1"]
[White "Zechel, Rolf-Rüdiger"]
[Black "Aksüt, Önder"]
[Result "0-1"]
[BlackElo "1691"]
[WhiteElo "1744"]
[Annotator "LB"]
[PlyCount "48"]

1. d4 c5 2. d5 g6 3. e4 Bg7 4. Nc3 e6 5. Nf3 Ne7 6. Bg5 f6 7. Bf4 e5 8. Be3
d6 9. Be2 O-O 10. Qd2 f5 11. Bh6 fxe4 12. Bxg7 Kxg7 13. Nxe4 Bf5 14. Nc3
Nd7 15. h4 Nf6 16. O-O-O b5 17. Bxb5 Qa5 18. Bc4 Qb4 19. b3 a5 20. Ng5 Rfb8
21. f3 a4 22. g4 Qa3+ 23. Kb1 axb3 24. gxf5 bxa2+ 0-1

[Event "Kieler Open 2018-B"]
[Site "RGG Kiel"]
[Date "2018.07.29"]
[Round "3.2"]
[White "Turp, Hüseyin"]
[Black "Griebenow, Jan Luca"]
[Result "0-1"]
[BlackElo "1705"]
[WhiteElo "1630"]
[Annotator "LB"]
[PlyCount "96"]

1. d4 d5 2. Bf4 c5 3. e3 Nf6 4. c3 Nc6 5. Nf3 e6 6. Nbd2 Be7 7. Bd3 Nh5 8.
Bg3 Bd7 9. Ne5 Nxg3 10. Nxc6 Bxc6 11. hxg3 h6 12. Nf3 Qc7 13. Ne5 Bd6 14.
f4 O-O-O 15. O-O g5 16. Qh5 Bxe5 17. dxe5 d4 18. cxd4 cxd4 19. e4 Rdg8 20.
Rac1 Kb8 21. b4 Qe7 22. b5 Be8 23. Qh3 Qa3 24. Rfd1 gxf4 25. g4 h5 26. Qh4
Bxb5 27. Bxb5 hxg4 28. Qf2 Qe3 29. Qxe3 dxe3 30. Rc3 Rg5 31. g3 Rgh5 32.
gxf4 Rh1+ 33. Kg2 Rxd1 34. Rxe3 Rdh1 35. Rd3 a6 36. Bc4 b5 37. Rb3 Kc7 38.
Bxb5 axb5 39. Rxb5 R1h2+ 40. Kg3 Rxa2 41. Kxg4 Ra4 42. Kg5 Rxe4 43. Ra5
Rg8+ 44. Kf6 Rxf4+ 45. Ke7 Rb8 46. Rc5+ Kb6 47. Rc2 Rb7+ 48. Ke8 Ra4 0-1

[Event "Kieler Open 2018-B"]
[Site "RGG Kiel"]
[Date "2018.07.29"]
[Round "3.3"]
[White "von Koschitzky, Tilo"]
[Black "Sallandt, Frido"]
[Result "1/2-1/2"]
[BlackElo "1588"]
[WhiteElo "1789"]
[Annotator "LB"]
[PlyCount "57"]

1. d4 Nf6 2. Bf4 d5 3. e3 e6 4. c3 c5 5. Bd3 Qb6 6. b3 Nc6 7. Nf3 Be7 8.
Ne5 cxd4 9. exd4 Nxe5 10. Bxe5 Bd7 11. O-O Bd6 12. Re1 h5 13. h3 O-O-O 14.
a4 Bxe5 15. Rxe5 Rdg8 16. a5 Qd6 17. Qf3 Bc6 18. b4 a6 19. Na3 Qe7 20. b5
axb5 21. Bxb5 g5 22. Qe2 Nd7 23. Re3 Nb8 24. g3 Qd7 25. Bd3 Rh6 26. a6 bxa6
27. Bxa6+ Nxa6 28. Qxa6+ Bb7 29. Qb6 1/2-1/2

[Event "Kieler Open 2018-B"]
[Site "RGG Kiel"]
[Date "2018.07.29"]
[Round "3.4"]
[White "Bangert, Ruediger"]
[Black "Plichta, Hans-Reiner"]
[Result "0-1"]
[BlackElo "1784"]
[WhiteElo "1555"]
[Annotator "LB"]
[PlyCount "80"]

1. e4 c5 2. Nf3 e6 3. g3 Nc6 4. Bg2 g6 5. d3 Bg7 6. Nbd2 Nge7 7. O-O O-O 8.
c3 d5 9. exd5 exd5 10. Nb3 b6 11. Re1 Bb7 12. Bg5 h6 13. Bf4 Re8 14. Qd2
Kh7 15. Re2 Qd7 16. Rae1 Ng8 17. Ne5 Nxe5 18. Bxe5 f6 19. Bf4 Rxe2 20. Qxe2
Bc6 21. Qe6 Qb7 22. Qe3 g5 23. Bd6 Rd8 24. Qe6 Kh8 25. Nxc5 bxc5 26. Bxc5
Re8 27. Qxe8 Bxe8 28. Rxe8 Qc6 29. Rd8 Qxc5 30. Bxd5 Bf8 31. Rd7 Ne7 32. d4
Qb5 33. Be6 Qxb2 34. Rd8 Kg7 35. Rd7 Qxc3 36. d5 Kg6 37. g4 f5 38. d6 Qe1+
39. Kg2 Qxe6 40. gxf5+ Nxf5 0-1

[Event "Kieler Open 2018-B"]
[Site "RGG Kiel"]
[Date "2018.07.29"]
[Round "3.5"]
[White "Baumast, Bernd"]
[Black "Koch, Ralf-Johannes"]
[Result "0-1"]
[BlackElo "1739"]
[WhiteElo "1567"]
[Annotator "LB"]
[PlyCount "78"]

1. e4 g6 2. d4 Bg7 3. Bc4 c5 4. d5 b5 5. Be2 Bb7 6. Nc3 Qa5 7. Bd2 b4 8.
Qb1 bxc3 9. bxc3 Ba6 10. Bxa6 Qxa6 11. a4 Nf6 12. f3 O-O 13. Qb5 Qxb5 14.
axb5 d6 15. Kf2 Nbd7 16. Ne2 e6 17. Ra6 Nb6 18. Rha1 exd5 19. exd5 Nfxd5
20. Rxa7 Rxa7 21. Rxa7 Nc4 22. Be1 Re8 23. g3 Rb8 24. Nf4 Nxf4 25. gxf4 Bf6
26. Ke2 Re8+ 27. Kd3 d5 28. Bf2 Nb2+ 29. Kd2 Rc8 30. Ra6 Kg7 31. b6 Be7 32.
f5 Nc4+ 33. Kd3 Bd6 34. b7 Rb8 35. Ra7 gxf5 36. Bh4 Bxh2 37. Bd8 Rxd8 38.
Ra8 Rb8 39. Ke2 Rxb7 0-1

[Event "Kieler Open 2018-B"]
[Site "RGG Kiel"]
[Date "2018.07.29"]
[Round "3.6"]
[White "Zielke, Bernd"]
[Black "Kögel, Josef"]
[Result "0-1"]
[BlackElo "1559"]
[WhiteElo "1719"]
[Annotator "LB"]
[PlyCount "106"]

1. b4 Nf6 2. b5 e6 3. c4 d5 4. e3 c5 5. a4 Be7 6. Bb2 O-O 7. Nf3 a6 8. Be2
axb5 9. axb5 Rxa1 10. Bxa1 Nbd7 11. O-O b6 12. Qb3 Bb7 13. d3 Qc7 14. Nbd2
e5 15. cxd5 Nxd5 16. Nc4 Bf6 17. Nfd2 Re8 18. Ne4 Be7 19. Bb2 N5f6 20.
Nxf6+ Bxf6 21. e4 Nf8 22. Ne3 Rd8 23. g3 Ne6 24. Nf5 g6 25. Nh6+ Kf8 26.
Ng4 Bg7 27. Ne3 Nd4 28. Bxd4 exd4 29. Nc4 Ra8 30. Rb1 Bc8 31. f4 Bf6 32.
Bf3 Ra7 33. Kg2 Bb7 34. e5 Be7 35. Nd2 Qb8 36. Bxb7 Qxb7+ 37. Ne4 Qa8 38.
Rb2 Ra3 39. Qd1 c4 40. Re2 Rxd3 41. Qe1 Ra3 42. Kh3 Ra2 43. Nd6 Rxe2 44.
Qxe2 d3 45. Qe3 Qd5 46. Qxb6 d2 47. Qb8+ Kg7 48. Ne8+ Kh6 49. Nf6 d1=Q 50.
Ng8+ Kg7 51. Nf6 Bxf6 52. exf6+ Kxf6 53. Qh8+ Ke7 0-1

[Event "Kieler Open 2018-B"]
[Site "RGG Kiel"]
[Date "2018.07.29"]
[Round "3.7"]
[White "Schulze, Lukas"]
[Black "Weck, Uwe"]
[Result "1/2-1/2"]
[BlackElo "1551"]
[WhiteElo "1421"]
[Annotator "LB"]
[PlyCount "112"]

1. Nf3 Nf6 2. c4 e6 3. g3 d5 4. Bg2 Be7 5. O-O O-O 6. d4 c5 7. Qc2 cxd4 8.
Nxd4 Nc6 9. Nb3 Nb4 10. Qc3 dxc4 11. Qxc4 Nfd5 12. a3 Nc6 13. Rd1 Na5 14.
Nxa5 Qxa5 15. Bxd5 exd5 16. Qxd5 Qxd5 17. Rxd5 Be6 18. Rd1 Rac8 19. Be3 b6
20. Nc3 Bf6 21. Rac1 h6 22. h4 Rc6 23. Bd4 Bb3 24. Rd2 Rd8 25. e3 b5 26.
Rb1 a6 27. Ne4 Be7 28. Bc3 Rxd2 29. Nxd2 Be6 30. Nf3 Rc8 31. Nd4 Bd5 32.
Rd1 Bf6 33. Rd2 Be4 34. Ne2 Bf3 35. Bxf6 gxf6 36. Nc3 a5 37. Kh2 b4 38.
axb4 axb4 39. Ne2 Bxe2 40. Rxe2 b3 41. Kg2 Rc2 42. Kf3 f5 43. e4 fxe4+ 44.
Rxe4 Rxb2 45. Rb4 Kg7 46. Ke3 h5 47. f3 Rb1 48. Kd2 f5 49. g4 Kg6 50. Rb6+
Kf7 51. gxh5 Kg7 52. Kc3 Rf1 53. Kxb3 Rxf3+ 54. Kc2 Rf4 55. h6+ Kh7 56. Rf6
Rxh4 1/2-1/2

[Event "Kieler Open 2018-B"]
[Site "RGG Kiel"]
[Date "2018.07.29"]
[Round "3.8"]
[White "Kathage, Holger"]
[Black "Tran, Minh Dat"]
[Result "1-0"]
[BlackElo "1427"]
[WhiteElo "1692"]
[Annotator "LB"]
[PlyCount "37"]

1. Nf3 c5 2. e3 d5 3. d4 cxd4 4. exd4 Nf6 5. Nbd2 e6 6. Bd3 Bd6 7. O-O O-O
8. c3 Nc6 9. Qe2 Ne7 10. Ne5 Nd7 11. Ndf3 Ng6 12. Nxg6 fxg6 13. Qxe6+ Kh8
14. Qxd6 Qe8 15. Re1 Qf7 16. Re7 Qg8 17. Rxd7 Bxd7 18. Qxd7 b6 19. Ng5 1-0

[Event "Kieler Open 2018-B"]
[Site "RGG Kiel"]
[Date "2018.07.29"]
[Round "3.9"]
[White "Bahr, Arne"]
[Black "Woltmann, Peter"]
[Result "1-0"]
[BlackElo "1396"]
[WhiteElo "1674"]
[Annotator "LB"]
[PlyCount "67"]

1. f4 d5 2. e3 c5 3. b3 Nc6 4. Bb5 Bd7 5. Nf3 a6 6. Bxc6 Bxc6 7. Ne5 Rc8 8.
O-O f6 9. Qh5+ g6 10. Nxg6 hxg6 11. Qxh8 Nh6 12. Qh7 Kd7 13. Qxg6 Kc7 14.
f5 d4 15. Qg3+ e5 16. fxe6+ Bd6 17. Qg7+ Kb8 18. d3 Qg8 19. Qxg8 Rxg8 20.
e4 Ng4 21. Bf4 Ne5 22. Nd2 f5 23. Bxe5 Bxe5 24. Rxf5 Bd6 25. Nc4 Be7 26.
Raf1 b5 27. Ne5 Be8 28. Nd7+ Kc7 29. Nf6 Rf8 30. Nd5+ Kd6 31. Rxf8 Bxf8 32.
Rxf8 Bh5 33. e7 Kd7 34. Rd8+ 1-0

[Event "Kieler Open 2018-B"]
[Site "RGG Kiel"]
[Date "2018.07.29"]
[Round "3.10"]
[White "Sowa, Uwe"]
[Black "Kageler, Anton Paul"]
[Result "1-0"]
[BlackElo "1389"]
[WhiteElo "1594"]
[Annotator "LB"]
[PlyCount "53"]

1. d4 Nf6 2. f3 d5 3. e4 dxe4 4. Nc3 exf3 5. Nxf3 Bg4 6. h3 Bh5 7. Bf4 e6
8. Be2 Nc6 9. Nb5 Bd6 10. Nxd6+ cxd6 11. O-O O-O 12. c3 d5 13. Bg5 h6 14.
Bxf6 Qxf6 15. Ne5 Qg5 16. Bxh5 Nxe5 17. dxe5 Qxe5 18. Qe2 Qc7 19. Rf2 Qc5
20. Rf1 Rac8 21. Kh1 Rc7 22. Bg4 Re7 23. Qd2 Qc6 24. Rf6 gxf6 25. Rxf6 Qc4
26. Qxh6 Qe4 27. Qg5+ 1-0

[Event "Kieler Open 2018-B"]
[Site "RGG Kiel"]
[Date "2018.07.29"]
[Round "3.11"]
[White "Stegert, Jonas"]
[Black "Wentzel, Martin"]
[Result "1-0"]
[BlackElo "1305"]
[WhiteElo "1527"]
[Annotator "LB"]
[PlyCount "75"]

1. e4 e5 2. f4 d6 3. Nf3 exf4 4. d4 Qe7 5. Bd3 d5 6. e5 h6 7. O-O g5 8. c4
c6 9. cxd5 cxd5 10. Nc3 Be6 11. Bd2 a6 12. Rc1 Nc6 13. Qb3 Qd7 14. Na4 Ra7
15. Nb6 Qd8 16. Rxc6 bxc6 17. Ba5 Qb8 18. Qa4 Ne7 19. Rc1 Bd7 20. e6 fxe6
21. Ne5 Qb7 22. Nbxd7 Bg7 23. Qb4 Bxe5 24. Nxe5 O-O 25. Qxb7 Rxb7 26. b3
Rc8 27. Bxa6 Ra7 28. Bxc8 Nxc8 29. Rxc6 Ra8 30. Rxe6 Na7 31. Ra6 Rc8 32.
Rxa7 Rc1+ 33. Kf2 Rc2+ 34. Kf3 Rxa2 35. Bb6 Rb2 36. Ra3 Kf8 37. b4 Rxb4 38.
Bc5+ 1-0

[Event "Kieler Open 2018-B"]
[Site "RGG Kiel"]
[Date "2018.07.29"]
[Round "3.12"]
[White "Kaminski, Thorsten"]
[Black "Schwerdt, Anton Gabriel"]
[Result "1/2-1/2"]
[BlackElo "1518"]
[WhiteElo "1387"]
[Annotator "LB"]
[PlyCount "64"]

1. e4 d5 2. exd5 Qxd5 3. Nc3 Qd6 4. Be2 Nf6 5. Bf3 Nc6 6. Nge2 a6 7. Ng3
Nd4 8. O-O Rb8 9. d3 Nxf3+ 10. Qxf3 Bg4 11. Qe3 e6 12. Bd2 Be7 13. Nce4 Qc6
14. Bc3 Nd5 15. Qd4 f6 16. h3 e5 17. Nxf6+ Nxf6 18. Qxe5 Be6 19. Rfe1 Kf7
20. Re2 Rhe8 21. Qf4 Bd6 22. Be5 Rbd8 23. Rae1 Bxe5 24. Rxe5 Bxa2 25. Nh5
Bd5 26. Rxe8 Rxe8 27. Rxe8 Qxe8 28. Qxc7+ Nd7 29. Kf1 Bc6 30. Qf4+ Kg8 31.
Qg4 Qf7 32. Qg5 g6 1/2-1/2

[Event "Kieler Open 2018-B"]
[Site "RGG Kiel"]
[Date "2018.07.29"]
[Round "3.13"]
[White "Grotrian, Peter"]
[Black "Höfken, Fynn-Lukas"]
[Result "1-0"]
[BlackElo "954"]
[WhiteElo "1455"]
[Annotator "LB"]
[PlyCount "75"]

1. e4 e5 2. Nf3 d6 3. d4 exd4 4. Nxd4 Nf6 5. Nc3 Bd7 6. Bc4 Nc6 7. O-O Be7
8. Re1 O-O 9. h3 Nxd4 10. Qxd4 Be6 11. Bd3 c5 12. Qe3 c4 13. Be2 d5 14.
exd5 Nxd5 15. Nxd5 Qxd5 16. Qg3 h6 17. Bxh6 Qd4 18. Bf4 Qf6 19. Rad1 Rfd8
20. Bg4 Bxg4 21. Rxd8+ Bxd8 22. Re8+ Kh7 23. hxg4 g5 24. Qh3+ Kg7 25. Be5
Qxe5 26. Qh8+ Kg6 27. Qxe5 f6 28. Qf5+ Kf7 29. Qe6+ Kg7 30. Qg8+ Kh6 31.
Qh8+ Kg6 32. Rxd8 Rxd8 33. Qxd8 f5 34. Qd6+ Kf7 35. gxf5 g4 36. f6 g3 37.
Qe7+ Kg8 38. Qg7# 1-0

[Event "Kieler Open 2018-B"]
[Site "RGG Kiel"]
[Date "2018.07.29"]
[Round "3.17"]
[White "Hotz, Herbert"]
[Black "Solodky, Willy"]
[Result "0-1"]
[BlackElo "1367"]
[WhiteElo "1514"]
[Annotator "LB"]
[PlyCount "58"]

1. c4 e6 2. g3 d5 3. Bg2 Nf6 4. Nf3 Nbd7 5. O-O c6 6. b3 Bd6 7. Bb2 O-O 8.
Qc2 Re8 9. d4 e5 10. dxe5 Nxe5 11. Nbd2 dxc4 12. Nxe5 Bxe5 13. Bxe5 Rxe5
14. Nxc4 Rc5 15. Rad1 Qe7 16. Qd3 Be6 17. Ne3 h6 18. h3 Re8 19. Rd2 Nd5 20.
Nxd5 Bxd5 21. e3 Bxg2 22. Kxg2 Rd5 23. Qc2 Rxd2 24. Qxd2 Rd8 25. Qc2 Qd6
26. Rc1 Kf8 27. Qb2 Rd7 28. Rc4 c5 29. b4 Qd5+ 0-1

[Event "Kieler Open 2018-B"]
[Site "RGG Kiel"]
[Date "2018.07.29"]
[Round "3.18"]
[White "Brühl, Rainer"]
[Black "Salwasser, Andrej"]
[Result "1-0"]
[BlackElo "1166"]
[WhiteElo "1394"]
[Annotator "LB"]
[PlyCount "129"]

1. d4 d5 2. c4 Bf5 3. e3 e6 4. Nc3 Nf6 5. Be2 Be7 6. c5 a6 7. Qa4+ Nc6 8.
Nf3 O-O 9. O-O h6 10. Nh4 Bh7 11. g3 Ne4 12. Bf3 Nxc3 13. bxc3 Bxh4 14.
gxh4 Qxh4 15. Bg2 Bf5 16. Qd1 Qg5 17. e4 Bg4 18. Bxg5 Bxd1 19. Raxd1 hxg5
20. exd5 exd5 21. Bxd5 Na5 22. Kh1 Kh8 23. Rg1 f6 24. Rg3 g6 25. Re1 c6 26.
Rh3+ Kg7 27. Re7+ Rf7 28. Bxf7 f5 29. Be8+ Kf6 30. Rhh7 g4 31. Ref7+ Kg5
32. Bd7 Kf4 33. Rhg7 Rh8 34. Rxg6 Rh5 35. Kg2 Nc4 36. Bxf5 Rxf5 37. Rxf5+
Kxf5 38. Rg7 Na5 39. f3 gxf3+ 40. Kxf3 Ke6 41. h4 Kd5 42. Ke2 Kc4 43. Kd2
Kd5 44. Kc2 Nc4 45. Rxb7 Ne3+ 46. Kd3 Nf5 47. h5 a5 48. Rb8 Ke6 49. Ra8 Kf6
50. Rxa5 Kg5 51. Ra6 Ne7 52. Ra7 Nf5 53. a4 Kxh5 54. Rc7 Kg5 55. a5 Kf4 56.
Rf7 Kg4 57. Rxf5 Kxf5 58. a6 Ke6 59. a7 Kd7 60. a8=Q Kc7 61. Qa7+ Kd8 62.
c4 Ke8 63. d5 cxd5 64. cxd5 Kd8 65. d6 1-0

[Event "Kieler Open 2018-B"]
[Site "RGG Kiel"]
[Date "2018.07.29"]
[Round "3.19"]
[White "Stolzenwald, Frank"]
[Black "Farokhi, Darian"]
[Result "1/2-1/2"]
[BlackElo "1256"]
[WhiteElo "1357"]
[Annotator "LB"]
[Annotator "LB"]
[PlyCount "75"]

1. b4 e5 2. b5 d5 3. Bb2 Bd6 4. Nf3 Qe7 5. Nc3 Nf6 6. a4 Be6 7. e3 c5 8. d4
e4 9. dxc5 Bxc5 10. Nd4 O-O 11. Na2 Nbd7 12. c3 Ne5 13. f4 Nc4 14. Bxc4
dxc4 15. Nc1 Rad8 16. Nce2 Bg4 17. Qc2 Nd5 18. Kf2 Rfe8 19. h3 Bd7 20. Rad1
Qf6 21. g3 Qh6 22. Rh2 Bg4 23. Rd2 Bxd4 24. Rxd4 Nf6 25. Rxc4 Bf3 26. Nd4
Ng4+ 27. Kg1 Nxe3 28. Qb3 Qg6 29. g4 Nxc4 30. Qxc4 e3 31. f5 Qg5 32. Nxf3
Qe7 33. Nd4 Qe4 34. Qe2 Qb1+ 35. Kg2 Qe4+ 36. Kg1 Qb1+ 37. Kg2 Qe4+ 38. Kg1
1/2-1/2

[Event "Kieler Open 2018-B"]
[Site "RGG Kiel"]
[Date "2018.07.29"]
[Round "3.20"]
[White "Grotrian, Pauline"]
[Black "Bahlo, Alondra"]
[Result "0-1"]
[BlackElo "784"]
[WhiteElo "1297"]
[Annotator "LB"]
[PlyCount "118"]

1. e4 e5 2. Nf3 Nc6 3. Bc4 Bc5 4. c3 Nf6 5. d3 d6 6. h3 h6 7. Nbd2 O-O 8.
Nf1 d5 9. Ng3 dxc4 10. dxc4 Qxd1+ 11. Kxd1 Bxf2 12. Nf5 Bxf5 13. exf5 Ne4
14. Kc2 Ng3 15. Rd1 Rad8 16. Nh4 Rxd1 17. Kxd1 Ne4 18. Nf3 Ng3 19. Nh4 Ne7
20. f6 gxf6 21. Bxh6 Rd8+ 22. Kc2 Nef5 23. Nxf5 Nxf5 24. Rf1 Nxh6 25. Rxf2
e4 26. Rxf6 Kg7 27. Rf1 e3 28. Rd1 Rxd1 29. Kxd1 Kf6 30. Ke2 Nf5 31. g4
Ng3+ 32. Kxe3 Kg5 33. Kf2 Kf4 34. a4 Ne4+ 35. Kg2 Nd2 36. c5 Ne4 37. b4
Nxc3 38. a5 b6 39. cxb6 cxb6 40. Kf2 bxa5 41. bxa5 Ne4+ 42. Kg2 Nd2 43. a6
Ne4 44. Kh2 Nc5 45. Kg2 Nxa6 46. Kf2 Nc5 47. Ke2 Kg3 48. g5 Kxh3 49. Kf3
Ne6 50. Ke4 Kg4 51. Kd5 Kxg5 52. Kc6 Kg4 53. Kb7 f5 54. Kxa7 Kg3 55. Kb6
Kg2 56. Kc6 f4 57. Kd5 f3 58. Kxe6 Kg1 59. Ke5 f2 0-1